00847nam a22002417a 4500003000500000005001700005008004100022010000900063011000900072035000900081040000900090100003100099245023900130260003800369300000900407500001200416502005100428650002400479650002500503650002400528650002300552650003000575CHAP20221026130857.0971013s r 00010 d a2861 a3833 a3034 cCHAP00aMuñoz Chávez, Oswaldo. aEvaluación de la producción de un cultivo de avena forrajera (Avena sativa L.) variedad Cuauhtémoc y variedad Chihuahua bajo diferentes dosis de fertilización en la zona de Marín, Nuevo León /cpor Oswaldo Muñoz Chávez aMarín, N. L. :bEl autor.c1990 a55 h aD47-153 aTesis (Ing. Agr.) -- UANL. Fac. de Agronomía14aAvena como forraje.14aAvenaxNuevo León.14aAvenaxRendimiento.14aAvenaxVariedades.14aFertilizantes para avena.